00491nam a2200145Ia 4500008004100000020001500041041000800056082001800064100002400082245015900106250000600265260004300271300000800314650002300322210716s2003 xx 000 0 und d a0974070025 aeng a658.4036 MUEM aMuetzel, Michael R. aThey're not aloof... just generation X: unlock the mysteries to todays human capital management.bUnlock the mysteries to todays human capital management. a1 aShreveportbSteel bay publishingc2003 a185 aGeneral Management